Mezinárodní vztahy a náboženství

Úloha náboženstva vo verejnom živote v národnom a medzinárodnom meradle. Náboženstvo ako faktor konfliktov. Medzinárodné právo, ľudské práva a náboženstvo. Úloha cirkví, náboženských a nevládnych organizácií.

Saved in:
Bibliographic Details
Main Author: Schneider, Jiří
Format: Book Chapter
Language:Czech
Subjects:
Tags: Add Tag
No Tags, Be the first to tag this record!

MARC

LEADER 00000naa a2200000 4500
001 r041397
005 20230927121125.2
041 0 |a cze 
044 |a CZ 
245 1 0 |a Mezinárodní vztahy a náboženství  |c Jiří Schneider 
520 |a Úloha náboženstva vo verejnom živote v národnom a medzinárodnom meradle. Náboženstvo ako faktor konfliktov. Medzinárodné právo, ľudské práva a náboženstvo. Úloha cirkví, náboženských a nevládnych organizácií. 
610 2 0 |a náboženstvo 
610 2 0 |a cirkev 
610 2 0 |a politika medzinárodná 
610 2 0 |a práva ľudské 
610 2 0 |a právo medzinárodné 
610 2 0 |a organizácie nevládne 
100 1 |a Schneider, Jiří